| 000 | 01498nam a2200265 4500 | ||
|---|---|---|---|
| 003 | OSt | ||
| 005 | 20240409142730.0 | ||
| 008 | 240409s2012 mx a|||f |||| 001 0 spa d | ||
| 020 | _a9786077666042 | ||
| 040 |
_erda _cCHAP |
||
| 082 | 0 | 0 |
_222 _a398.20972 _bM61 |
| 245 | 0 | 0 |
_aMéxico y sus leyendas : _bcompilación / |
| 264 | 1 |
_aMéxico: _bLeyenda, _c2012. |
|
| 300 |
_a93 páginas: _bIlustraciones |
||
| 336 |
_2rdacontent _atexto _btxt |
||
| 337 |
_2rdamedia _asin medio _bn |
||
| 338 |
_2rdacarrier _avolumen _bnc |
||
| 490 | 1 | _aNuestro tiempo | |
| 504 | _aIncluye índice | ||
| 520 | _aMéxico es uno de los países latinoamericanos que goza de mayores leyendas y tradiciones. ya que la mayoría de los estados de la República Mexicana tiene el privilegio de tener las suyas. como es el caso de la Ciudad México. que en 1790. en lo que era llamada la Plaza de Armas hoy conocida como la Plaza de la Constitución. fue encontrada la Piedra del Sol que también es llamada el Calendario Azteca. esta piedra colosal está considerada como el primer monumento de América. Puebla también cuenta con la leyenda de la China poblana. que fue una esclava oriental que vestía de una manera muy extraña. ya que portaba una camisa de hermosos bordados y esplendorosos colores con lentejuelas dando esto origen al traje típico de la china poblana. | ||
| 650 | 4 |
_9144945 _aLeyendas |
|
| 650 | 4 |
_976800 _aMéxico _xVida social y costumbres |
|
| 830 |
_9188931 _aNuestro tiempo |
||
| 942 |
_2ddc _cLIBRO |
||
| 999 |
_c219842 _d219842 |
||